Tratado práctico de la capacidad de la mujer casada, de la mujer divorciada perpetuamente y de la mujer separada de bienes

Guardat en:
Dades bibliogràfiques
Autor principal: Alessandri Rodríguez, Arturo (autor)
Format: Llibre
Idioma:espanyol
Publicat: Santiago Universitaria 1940
Matèries:
Etiquetes: Afegir etiqueta
Sense etiquetes, Sigues el primer a etiquetar aquest registre!

MARC

LEADER 00000nam a2200000 a 4500
001 UCS1295
003 CL-VaPUC
008 970509e19400000CL |||||||||||||||||spa|d
082 0 4 |a 346.013  |b ALE  |2 21 
100 |a Alessandri Rodríguez, Arturo  |e autor  |9 605353 
245 1 0 |a Tratado práctico de la capacidad de la mujer casada, de la mujer divorciada perpetuamente y de la mujer separada de bienes 
300 |a 178 p 
942 |c BK 
945 |d 19970509 00:00:00  |a paguirre 
260 |a Santiago  |b Universitaria  |c 1940 
650 0 |a Derecho civil  |9 255013 
650 0 |a Mujeres  |9 257649 
650 0 |a Derechos de la mujer  |9 257074 
650 0 |a Mujer casada  |9 255924 
650 7 |a ESTADO CIVIL  |2 CL-VaPUC  |9 385627 
583 |a last modification  |c 19970509 00:00:00  |k Rodrigo Vera 
999 |c 259392  |d 259390 
952 |0 0  |1 0  |4 0  |6 346_013000000000000_ALE_1940  |7 0  |8 P  |9 284099  |a BIBDER  |b BIBDER  |d 2019-11-19  |i 1843753  |o 346.013 ALE 1940  |p 1843753  |r 2023-01-25  |w 2019-11-19  |y BK  |k DER